000 00481 a2200193 4500
005 20260408164329.0
008 260408b |||||||| |||| 00| 0 eng d
020 _a9788182040984
_cRs. 1250.00
040 _aIHTM
082 _a641.5972
_bM691S
100 _aMisra, Pankaj
245 _aStep by step mexican cuisine
260 _b Aman Publications
_c2018
_aDelhi
300 _ax, 115
650 _aHotel Management
650 _aCooking
650 _aMexico
942 _cBK
999 _c395650
_d395650